03095nam a2200385uu 4500001000800000005001700008007001000025008004100035035001200076040001300088041000800101080000900109082000800118100004000126245006300166260004300229300001300272520196600285650002402251650004302275650002502318650002702343650004802370650002702418650003302445650002302478650002102501650001502522650003402537700004402571700003302615700004102648502001202689526000802701125302120260508071420.0co|||||||110822s2012 spa  a1253021 ccomduadb aspa aQ/CD 4a30610aMoreno Jaramillo, Damariz4auteaut10aFamilia, dinámica familiar y transtorno afectivo bipolar aMedellín :b[sin publicador],c2012. a1 CD-ROM3 aEl presente trabajo investigativo pretende identificar algunos de los cambios que se dan en las dinámica de cinco familias cuando uno de sus miembros es diagnosticado con trastorno afectivo bipolar. Se eligió un tipo de investigación cualitativa dado el tipo de población con la cual se tiene contacto, sus características y la concepción que tienen de los trastornos mentales, este enfoque investigativo permite la comprensión de los diferentes contextos que rodean la familia y en la perspectiva del conocimiento reconoce que este es un producto social atravesado e influenciado por los valores, percepciones y significados que la constituyen. Durante el desarrollo de la investigación fueron puestos en práctica gran parte de los conocimientos adquiridos a lo largo del proceso de formación profesional enfatizando en el enfoque sistémico el cual señala que la familia es un todo en el cual la relación establecida por las partes desde sus respectivas características constituyen un nivel de organización" se influyen mutuamente, lo que supone que lo que le suceda a alguno de sus miembros influye a los demás y a la familia como un todo", también se tuvieron en cuenta algunos de los postulados del interaccionismo simbólico el cual dentro de sus principales postulados pone en si gran énfasis la importancia del significado e interpretación como procesos humanos esenciales.Se considera en esta investigación que a partir de la concepción y el significado que las personas le dan al trastorno afectivo bipolar y específicamente a la forma como lo conciben al interior de la familia se podrían orientar las acciones y estrategias de afrontamiento. Para la recolección de información se pusieron en práctica técnicas como el rastreo bibliográfico, asistencia a los grupos psico educativos y entrevistas semi estructuradas, las cuales permitieron un acercamiento a los sujetos de investigación. aDinámica familiar 7aFamiliayAspectos Psicológicos2lemb aFamilia y enfermedad 7aTrastorno bipolar2dcs aTrastornos mentales - Relaciones familiares aAfrontamiento familiar aEstrategias de afrontamiento aFamilias nucleares aRoles familiares aCohesión 7aTrabajo social familiar2lemb10aRíos Escobar, Eduard Fabian4auteaut10aVergara, Catherine4auteaut10aAguirre Osorio, Luz Edilma4thseths b107c12 a108